00341nam a22001457a 4500003000500000005001700005008004100022020001800063040000900081082001800090100002100108245002800129260002800157300001000185CEME20210628203220.0210119b xxu||||| |||| 00| 0 eng d a969-0-02126-5 cceme a954.91053 PER aPervez Musharraf aSab say pahlay pakistan aLAHOREbFEROZSONSc2006 a418 P